| 000 | 00340nam a2200121Ia 4500 | ||
|---|---|---|---|
| 008 | 190216s9999||||xx |||||||||||||| ||und|| | ||
| 100 | _aNilakanta Sastri K A | ||
| 245 | 0 | _aSources Of Indian History With Special Reference To South India | |
| 260 |
_bAsia Publishing House _c1964 |
||
| 300 | _a113p | ||
| 650 | _aIndian History | ||
| 942 | _cBK | ||
| 999 |
_c19011 _d19011 |
||